|
|
|
|
| LEADER |
00000cam a2200000 a 4500 |
| 001 |
vtls008401999 |
| 003 |
SK-MaSNL |
| 005 |
20260302074756.0 |
| 008 |
230403s1950 xo 000 f slo |
| 015 |
|
|
|a SNBA19451955-012454
|
| 035 |
|
|
|a SK01SNKBKSFS20020094216
|
| 035 |
|
|
|a urn:nbn:sk:snk-am3i6n7
|
| 035 |
|
|
|a 26129E44-7CF0-4E73-8B5E-8D0FF3F67CAA
|
| 035 |
|
|
|a urn:nbn:sk:snk-am00dlyc
|
| 035 |
|
|
|a SKM000096679
|
| 040 |
|
|
|a SNK
|b slo
|c SNK
|e AACR2
|
| 041 |
0 |
|
|a slo
|
| 044 |
|
|
|a xo
|c SK
|
| 072 |
|
7 |
|a 821.162.4
|x Slovenská literatúra
|2 konspekt
|
| 080 |
|
|
|a 821.162.4
|2 2011
|
| 080 |
|
|
|a (0:82-31)
|2 2011
|
| 100 |
1 |
|
|a Tatarka, Dominik,
|d 1913-1989
|4 aut
|9 100832
|
| 245 |
1 |
0 |
|a Prvý a druhý úder
|c Dominik Tatarka
|
| 250 |
|
|
|a 1. vyd.
|
| 260 |
|
|
|a Bratislava
|b Pravda
|c 1950
|e Brno
|f Západomoravské tiskárny
|
| 300 |
|
|
|a 323, [1] s.
|c V. 8°
|
| 366 |
|
|
|e 10000 výtl.
|
| 490 |
1 |
|
|a Krásna próza
|
| 500 |
|
|
|a Obálka a frontispice E. Semian
|
| 655 |
|
7 |
|a umelecká literatúra
|2 SNKPH
|9 60405
|
| 655 |
|
7 |
|a romány
|2 SNKPH
|9 1390
|
| 655 |
|
7 |
|a Novels
|2 SNKPHeng
|9 352941
|
| 700 |
1 |
|
|a Semian, Ervín,
|d 1921-1965
|4 bjd
|4 ill
|9 38326
|
| 830 |
|
0 |
|a Krásna próza
|9 309126
|
| 852 |
|
|
|a Slovenská národná knižnica
|
| 954 |
|
|
|a beletria pôvodná (slovenská)
|2 lita
|
| 958 |
|
|
|a OND
|
| 958 |
|
|
|a RK
|
| 958 |
|
|
|a TL
|
| 958 |
|
|
|a EUIPO
|
| 999 |
|
|
|c 1166445
|d 1168375
|
| 952 |
|
|
|a SNK
|b SNK
|y VYP
|7 0
|p 17A0386591
|o snkSD 7202 D1
|i snkF 5790/63
|8 5
|0 0
|1 0
|4 0
|d 2011-01-18
|l 0
|r 2026-02-24 20:50:25
|w 2026-02-24
|
| 952 |
|
|
|a SNK
|b SNK
|y PREZ
|7 0
|p 17A0911669
|o snkSD 7202
|i snk229/51
|0 0
|1 0
|4 0
|d 2019-11-12
|f 1
|l 0
|r 2025-11-17 00:00:00
|w 2026-02-24
|
| 952 |
|
|
|a SNKLM
|b SNKLM
|y NEVYP
|7 0
|o snklmMK 3644
|0 0
|1 0
|4 0
|d 2011-01-18
|l 0
|r 2026-02-24 20:50:25
|w 2026-02-24
|
| 952 |
|
|
|a SNKLM
|b SNKLM
|y NEVYP
|7 0
|o snklmDK 6595 SNKLM
|i snklm2013/228
|8 3
|g 12.00
|0 0
|1 0
|4 0
|d 2014-02-11
|l 0
|r 2026-02-24 20:50:25
|w 2026-02-24
|